Cyclistes par description. #3 - Statistiques

Statistiques générales
  • Ce quiz a été pris 34 fois
  • Le résultat moyen est 8 sur 15
Statistiques - réponses
Descriptions Cyclistes % Correct
"Jaja". Un cas quasiment unique : j'ai commencé sa carrière comme l'un des meilleurs sprinteurs du monde avant de me transformer en n°1 mondial capable de gagner la Vuelta et de briller en montagne. Un chouchou du public français pour ma polyvalence. Désormais, je commente le Tour de France ne cabine aux côtés d'Alexandre Pasteur et Marion Rousse, je suis... Laurent Jalabert
100%
J'ai réalisé ce que personne n'avait fait auparavant. Je suis en effet le premier coureur noir africain à gagner une classique majeure (Gand-Wevelgem) et des étapes sur le Tour de France, en plus du Maillot Vert en 2024. Je suis ainsi l'icône de la mondialisation du cyclisme. Je suis... Bignam Girmay
81%
Je suis l'auteur d'une année 1987 historique. Je suis l'un des deux seuls coureurs (avec Merckx) à avoir réalisé le "Triplé" la même année : Giro, Tour de France et Championnat du Monde. Par ailleurs, j'étais un tacticien irlandais hors pair. Je suis... Stephen Roche
68%
Je suis une des premières légendes de mon sport. "Il Campionissimo". Je suis en quelques sortes l'homme qui a fait entrer le cyclisme dans l'ère moderne (diététique, entraînement). Une élégance rare sur le vélo et une domination telle qu'on disait de moi : « seul en tête, le deuxième est à 15 minutes ». Je suis... Fausto Coppi
65%
Si l'on peut le dire comme cela, je suis le Néerlandais le plus français car recordman du nombre de Tours de France terminés (16). J'ai longtemps été le réel "éternel second" (6 fois !) avant de gagner enfin le Tour en 1980 et de devenir champion du monde à 38 ans. J'incarne la définition même de la persévérance. Je suis... Joop Zoetemelk
61%
On me surnomme "La Machine". Je suis un amoureux de l'attaque et du vent en montagne. Egalement recordman de participations au Tour de France (18), je représentais le cyclisme offensif, toujours prêt à partir dans une échappée matinale pour le plaisir du panache. Je suis... Sylvain Chavanel
61%
Je suis le premier coureur à remporter trois Tours de France consécutifs (1953-1955). Je suis un perfectionniste obsessionnel, extrêmement soigné, qui ai apporté une dimension professionnelle et médiatique inédite au cyclisme français. Je suis... Louison Bobet
58%
"Le cintre". Les amateurs de cyclisme me connaissent forcément. Reconnaissable à mes épaules très larges et carrées, je suis passé tout près de gagner le Giro 2016 avant une chute dans la neige? Je reste néanmoins un pilier de la force collective de la Jumbo-Visma, glanant une troisième place du Tour de France en 2019. Je suis... Steven Kruijswijk
58%
Je suis sans doute pas le cycliste le plus connu de la liste mais d'un autre côté, le symbole de l'opportunisme réussi. Je suis double vainqueur d'étapes mythiques sur le Tour (dont l'Alpe d'Huez en 2013 devant Van Garderen), j'arrivais à sublimer mon niveau sur les plus grandes échéances. Je suis... Christophe Riblon
55%
J'ai un style plus qu'atypique, presque désarticulé sur mon vélo, mais une efficacité redoutable en haute montagne. Vainqueur d'étapes sur les trois Grands Tours. Cycliste russe d'1m87, mon physique n'était pas vraiment un avantage. Je suis... Ilnur Zakarin
55%
J'étais un grimpeur discret mais d'une régularité effrayante. Après des années au service des autres, je gagne le Tour de France 2008 grâce à une attaque magistrale dans l'Alpe d'Huez. Je représente la figure de l'anti-star par excellence. Je suis... Carlos Sastre
45%
Oula... Ancien lieutenant d'Armstrong et son meilleur coéquipier, j'ai marqué les esprits par mon raid solitaire incroyable vers Morzine en 2006, avant d'être déchu de ma victoire sur le Tour pour un contrôle positif à la testostérone... Je suis celui qui a révélé qu'Armstrong et son équipe s'étaient dopé pendant des années. Je suis... Floyd Landis
45%
Je suis principalement un coureur de classiques et de courses d'une semaine (Liège-Bastogne-Liège, Critérium du Dauphiné). Egalement un capitaine de route solide, doté d'un gros moteur, souvent placé mais aussi plutôt malchanceux. Coureur danois, je suis... Jakob Fuglsang
35%
Je suis surnommé "Le Gitan". Le maître absolu des pavés. Je suis l'un des rares coureurs à avoir gagné les cinq "Monuments" du cyclisme, mais c'est ma relation avec Paris-Roubaix (4 victoires) qui a forgé ma légende de guerrier technique. Coureur belge des années 1970-1980, je suis... Roger de Vlaeminck
26%
j'étais surnommé le "docteur" du peloton (diplômé en économie). Malgré un gabarit minuscule et de graves chutes, je suis resté compétitif au plus haut niveau jusqu'à plus de 40 ans, défiant les lois de la gravité et de l'âge. Cycliste italien des années 2000-2010, je suis... Domenico Pozzovivo
10%
Aucun quiz correspondant
Distribution des résultats
% des personnes avec chaque résultat
Percentile par nombre de réponses
Votre historique - résultats
Vous n’avez pas pris ce quiz